000 00599nam a2200241 a 4500
001 nice12345678
003 IN_TiNIC
005 20260116011852.0
008 050524s1895 lona grp 000 0 eng
020 _a
_c100
082 0 0 _a294.3923
_bWAD
100 _aWaddell, L Austine
245 _aBuddhism of Tibet Or Lamaism
260 _aLondon
_bW H Allen and Co. Limited
_c1895
300 _a598p
500 _aincludes index and biblioraphy
505 2 _aindex, appendix
650 _aBuddhism-Tibet
700 1 _aWaddell, L Austine
902 _bSRS
942 _cBK
999 _c4579
_d4579